000 00799cam a22002411 4500
001 hew67000078
003 DLC
005 20260227111516.0
008 801211s1967 dcua f000 0 eng c
010 _ahew67000078
035 _a(OCoLC)7025922
040 _aU.S. Dept. of Health, Education, and Welfare. Library
_cKyLoU
_dDLC
042 _apremarc
050 0 0 _aHV699
_b.A3 1967
082 _a362.8/2
110 1 _aUnited States.
_bChildren's Bureau.
245 1 0 _aHomemaker service, how it helps children.
260 _a[Washington,
_bFor sale by the Supt. of Docs., U.S. Govt. Print. Off.,
_c1967]
300 _a24 p.
_billus.
_c21 x 27 cm.
490 1 _aIts Publication
_vno. 443
650 0 _aVisiting housekeepers.
810 1 _aUnited States.
_bChildren's Bureau.
_tPublication
_vno. 443.
999 _c34693
_d34693